| Tag |
First Indicator |
Second Indicator |
Subfields |
| LEADER |
00000cam a2200000I 4500 |
| 001 |
in00000035753 |
| 005 |
20190207093359.0 |
| 008 |
800701s1940 txu 000 0 eng d |
| 035 |
|
|
|a (OCoLC)ocm06474443
|
| 035 |
|
|
|a (OCoLC)6474443
|
| 040 |
|
|
|a TXA
|c TXA
|d OCL
|d OCLCQ
|d TXA
|d UtOrBLW
|
| 043 |
|
|
|a n-us-tx
|
| 049 |
|
|
|a TXAM
|
| 092 |
|
|
|a 636.5
|b A278h, 1940
|
| 100 |
1 |
|
|a Reid, D. H.
|q (Duncan Henry)
|
| 245 |
1 |
2 |
|a A handbook of Texas poultry raising /
|c by D.H. Reid, head of the Department of Poultry Husbandry. With a foreword by John O. Rosser, director of radio broadcasting, the Agricultural and Mechanical College of Texas.
|
| 264 |
|
1 |
|a College Station, Tex.,
|b [publisher not identified] ;
|c 1940.
|
| 300 |
|
|
|a 18 leaves
|
| 336 |
|
|
|a text
|b txt
|2 rdacontent
|
| 337 |
|
|
|a unmediated
|b n
|2 rdamedia
|
| 338 |
|
|
|a volume
|b nc
|2 rdacarrier
|
| 500 |
|
|
|a The Cushing Library/Chapman Texas Collection copy is part of the Floyd & Louise Chapman Texas & Borderlands Collection.
|5 TXA
|
| 500 |
|
|
|a Cover title.
|
| 650 |
|
0 |
|a Poultry
|z Texas.
|
| 710 |
2 |
|
|a Agricultural and Mechanical College of Texas.
|b Department of Poultry Science.
|
| 700 |
1 |
|
|a Rosser, John Ousley,
|d -1942.
|
| 994 |
|
|
|a C0
|b TXA
|
| 999 |
|
|
|a MARS
|
| 999 |
f |
f |
|s 3f0deb52-3a3f-319c-b6d3-237ffe3d376d
|i bbce023b-566e-34f9-8333-11c14c19bf59
|t 0
|
| 952 |
f |
f |
|p noncirc
|a Texas A&M University
|b College Station
|c Cushing Memorial Library & Archives
|d Cushing: Chapman Texas Collection (Does not check out)
|t 0
|e SF487 .T443 1940
|h Library of Congress classification
|i unmediated -- volume
|
| 998 |
f |
f |
|a SF487 .T443 1940
|t 0
|l Cushing: Chapman Texas Collection (Does not check out)
|